Storage riešenia šetria čas, peniaze a nervy III.

Bibliographic Details
Main Author: Gurský, Andrej (Author)
Format: Article
Language:Slovak
PhysicalDescription:Sch.
ISSN:1335-0226
Subjects:

MARC

LEADER 00000nab a2200000 a 4500
001 vtls001518310
003 SK-MaSNL
005 20260304135816.0
008 250505c2004 xo mr|p|||||||000 b|slo
015 |a SNBRB2005/03  |2 snkbucl 
035 |a (uuid)7513b5c2-5ddc-4437-8d41-7c38c24f1ef3 
035 |a urn:nbn:sk:snk-abuqx 
035 |a (urnnbn)urn:nbn:sk:snk:ar-a05eht 
038 |a SNKBUCL 
040 |a SNKBUCL  |b slo  |c SNKBUCL  |e AACR2 
041 0 |a slo 
044 |a xo  |c SK 
080 |a 004.62.056.3  |2 1997 
080 |a 004.424.7  |2 1997 
100 1 |a Gurský, Andrej  |4 aut  |9 1151849 
245 1 0 |a Storage riešenia šetria čas, peniaze a nervy  |n III.  |c Andrej Gurský 
300 |b Sch. 
650 0 7 |a ukladanie dát  |2 snkbucl  |9 1069688 
650 0 7 |a konsolidácia storage  |2 snkbucl  |9 1455503 
773 0 |t PC revue  |g Roč. XII, č. 12 (2004), s. 143-144  |x 1335-0226 
850 |a Slovenská národná knižnica 
852 |a Slovenská národná knižnica 
954 |a odborná, vedecká literatúra pôvodná (slovenská)  |2 lita 
958 |a article27 
958 |a OND 
958 |a EUIPO 
999 |c 2912296  |d 2914226